スマブラSP カズヤのワザ名 - Statistics

General Stats
  • This quiz has been taken 3 times
  • The average score is 12 of 42
Answer Stats
Hint Answer % Correct
→↓↘︎ + 攻撃ボタン単押し 風神拳
100%
上必殺ワザ デビルウィング
100%
→↓↘︎ + 攻撃ボタン同時押し 最速風神拳
67%
→↓↘︎ + 攻撃ボタン長押し 雷神拳
67%
↘︎↓↘︎ + つかみ 地獄門
67%
しゃがみ〜立ち上がる間に攻撃ボタン 魔神拳
67%
下投げ 超ぱちき
67%
通常必殺ワザ デビルブラスター
67%
下必殺ワザ ヘブンズドア
67%
弱攻撃(3段目を遅めに入力) 閃光烈拳
33%
下強攻撃 捻り裏拳
33%
↗︎ + 攻撃ボタン 螺旋幻魔脚
33%
→→ + 攻撃ボタン 左踵落とし
33%
↘︎ + 攻撃ボタン 踵切り
33%
↙︎ + 攻撃ボタン 腿砕き
33%
← + 攻撃ボタン 刃閃風
33%
↖︎ + 攻撃ボタン ジャンプサイドキック
33%
→↓↘︎ + 必殺技ボタン 奈落旋風
33%
しゃがみ中に↓ + 攻撃ボタン シットジャブ
33%
上スマッシュ攻撃 デビルツイスター
33%
下スマッシュ攻撃 獅子斬り包丁
33%
横必殺ワザ デビルフィスト
33%
下必殺ワザ(レイジ状態) レイジドライブ
33%
最後の切りふだ ファイナルブラスター
33%
弱攻撃 10連コンボ
33%
ダッシュ攻撃 空斬脚
0%
上強攻撃 ダブルアッパー
0%
→ + 攻撃ボタン 鬼蹴り
0%
→↓↘︎ 風神ステップ
0%
しゃがみ中に↘︎ + 攻撃ボタン 螺旋岩砕蹴
0%
しゃがみ中に↙︎ + 攻撃ボタン シットスピンキック
0%
横スマッシュ攻撃 魔神閃焦拳
0%
通常空中攻撃 ジャンプナックル
0%
前空中攻撃 烈火脚
0%
後空中攻撃 ジャンピングソバット
0%
上空中攻撃 ライジングトゥーキック
0%
下空中攻撃 破砕蹴
0%
つかみ攻撃 六腑砕き
0%
前投げ 旋蹴り
0%
後投げ 鐘楼落とし
0%
上投げ エアインフェルノ
0%
横アピール 魔神烈衝拳
0%
No matching quizzes found
Score Distribution
Percent of People with Each Score
Percentile by Number Answered
Your Score History
You have not taken this quiz